|
|
|
|
| LEADER |
00000nab a2200000 a 4500 |
| 001 |
vtls000915944 |
| 003 |
SK-MaSNL |
| 005 |
20260304183150.0 |
| 008 |
190318e19920915xo 0 slo |
| 035 |
|
|
|a KE24827
|
| 040 |
|
|
|a KEVKJB
|b slo
|c KEVKJB
|e AACR2
|
| 041 |
0 |
|
|a slo
|
| 044 |
|
|
|a xo
|c SK
|
| 080 |
|
|
|a 378.662.1
|2 1981
|
| 100 |
1 |
|
|a Tuleja, Stanislav,
|d 1941-
|4 aut
|9 205455
|
| 245 |
1 |
0 |
|a Špecialisti s univerzálnym vzdelaním
|b 40 rokov technického vysokého školstva v Košiciach
|
| 610 |
2 |
7 |
|a Vysoká škola technická v Košiciach
|2 KEVKJB
|9 34902
|
| 610 |
2 |
7 |
|a Technická univerzita v Košiciach
|2 KEVKJB
|9 172333
|
| 650 |
0 |
7 |
|a názov starý
|2 KEVKJB
|9 1514746
|
| 650 |
0 |
7 |
|a názov nový
|2 KEVKJB
|9 887805
|
| 650 |
0 |
7 |
|a výročie 40.
|2 KEVKJB
|9 878152
|
| 650 |
0 |
7 |
|a činnosť
|2 KEVKJB
|9 282874
|
| 651 |
|
7 |
|a KE,
|2 KEVKJB
|9 877256
|
| 655 |
|
7 |
|a periodikum
|2 snkbucl
|9 29553
|
| 710 |
2 |
|
|a Vysoká škola technická v Košiciach
|4 aut
|9 34902
|
| 710 |
2 |
|
|a Technická univerzita v Košiciach
|4 aut
|9 172333
|
| 773 |
0 |
8 |
|t Národná obroda
|g Roč. 3
|g Roč. 28, č.218, 15.9.1992, s. 8
|
| 852 |
|
|
|a ZVYKNI
|b KIS3GCP
|
| 999 |
|
|
|c 3033539
|d 3035469
|